000 00753nam a22002297a 4500
003 UA-OsUOA
001 35884
007 ta
008 20060629b un ||||| |||| 00| 0 ukr d
090 _a050
_bН37
942 _cCR
040 _aUA-OsUOA
_bukr
_cUA-OsUOA
_dUA-OsUOA
245 _aНаш український дім
_b1
300 _a83 с.
955 _a1
041 _aukr
080 _a050
260 _aНіжин
_bНіжинського державного університету ім. М. Гоголя
_c2005
310 _a2005
650 7 _a050 Серійні публікації. Періодика галузі, Організація та інші типи поєднання (співробітництва)
_2UDC
999 _c424148
_d424148